000 00409nam a22001457a 4500
999 _c7964
_d7964
003 OSt
005 20200610163729.0
008 200610b ||||| |||| 00| 0 eng d
020 _a9788175331860
082 _a700.934
_bCHA
100 _a Chaturvedi, Patanjali Nandan
245 _aEncyclopaedia of Indian art and architecture
260 _aNew Delhi
_bMD Publications Pvt Ltd;
_c December 31, 2009
942 _2ddc